书目信息 |
| 题名: |
汽车运用工程
|
|
| 作者: | 高延龄 主编 | |
| 分册: | ||
| 出版信息: | 北京 人民交通出版社 2008.02 |
|
| 页数: | 244页 | |
| 开本: | 24cm | |
| 丛书名: | 高等学校交通运输专业“十一五”规划系列教材 | |
| 单 册: | ||
| 中图分类: | U46 | |
| 科图分类: | ||
| 主题词: | 汽车工程--qi che gong cheng--高等学校--教材 | |
| 电子资源: | ||
| ISBN: | 978-7-114-04959-0 | |
| 000 | 00993nam 2200253 450 | |
| 001 | 012008577605 | |
| 005 | 20120926152015.03 | |
| 010 | @a978-7-114-04959-0@dCNY30.00 | |
| 100 | @a20080428d2008 em y0chiy0120 ea | |
| 101 | 0 | @achi |
| 102 | @aCN@b110000 | |
| 105 | @aa a 000yy | |
| 200 | 1 | @a汽车运用工程@Aqi che yun yong gong cheng@f高延龄主编@Fgao yan ling zhu bian |
| 210 | @a北京@c人民交通出版社@d2008.02 | |
| 215 | @a244页@c图@d24cm | |
| 225 | 0 | @a高等学校交通运输专业“十一五”规划系列教材@Agao deng xue xiao jiao tong yun shu zhuan ye“shi yi wu”gui hua xi lie jiao cai |
| 320 | @a有书目 (第289页) | |
| 330 | @a全书共分12章,主要内容包括:汽车运用基础,汽车动力性,汽车燃料经济性,汽车的行驶安全性,汽车通过性,汽车合适性等。 | |
| 410 | 0 | @12001 @a高等学校交通运输专业十一五规划系列教材 |
| 606 | 0 | @a汽车工程@Aqi che gong cheng@x高等学校@j教材 |
| 690 | @aU46@v4 | |
| 701 | 0 | @a高延龄@Agao yan ling@4主编 |
| 801 | 0 | @aCN@bQSSK@c20090302 |
| 905 | @b298256-58@dU46@eL827@f3 | |
| 汽车运用工程/高延龄主编.-北京:人民交通出版社,2008.02 |
| 244页:图;24cm.-(高等学校交通运输专业“十一五”规划系列教材) |
| ISBN 978-7-114-04959-0:CNY30.00 |
| 全书共分12章,主要内容包括:汽车运用基础,汽车动力性,汽车燃料经济性,汽车的行驶安全性,汽车通过性,汽车合适性等。 |
| ● |
| 相关链接 |
|
|
|
正题名:汽车运用工程
索取号:U46/L827
 
预约/预借
| 序号 | 登录号 | 条形码 | 馆藏地/架位号 | 状态 | 备注 |
| 1 | 461084 | 204610849 | 自科库501/ [索取号:U46/L827] | 在馆 | |
| 2 | 487130 | 204871308 | 自科库501/504自科库 20排1列2层/ [索取号:U46/L827] | 在馆 |